| 000 | 00824nam a22002175i 4500 | ||
|---|---|---|---|
| 001 | 160781 | ||
| 003 | ES-MaACL | ||
| 005 | 20250730063142.0 | ||
| 008 | 981221s1865 fr |||| | fre d | ||
| 040 |
_aCCPB | B _bspa _cCCPB | B |
||
| 100 | 1 |
_aNourrisson, Juan Félix, _d1825-1899 _9130531 |
|
| 245 | 1 | 3 |
_aLa philosophie de Saint Augustin / _cpar Nourrisson. |
| 260 |
_aParis : _bDidier et C\pIE\s, Libraires-éditeurs, _c1865. |
||
| 300 |
_a2 v. ; _c22 cm. |
||
| 596 | 1 | _aMarca tip. en port. | |
| 597 | 1 | _aAntep. | |
| 600 | 0 | 4 |
_aAgustín _cSanto, Obispo de Hipona- _xPensamiento filosófico. _9125562 |
| 752 |
_aFrancia - _dParís |
||
| 852 |
_aES-MaACL _jD-4999-5000 _z-- Enc. hol. _x-- Edic.: T.I (XII, 486 p.) - T.II (466 p.) -- El imp. es: Impr. de P.-A. Bourdier et c\pe\s |
||
| 999 |
_c160781 _d160781 |
||